| 000 | 00661cam a22002293a 4500 | ||
|---|---|---|---|
| 001 | 45100 | ||
| 003 | PGUSA | ||
| 005 | 20140828084030.0 | ||
| 008 | 140309s2014||||xxu|||||s|||||000 | eng d | ||
| 040 |
_aPGUSA _beng |
||
| 042 | _adc | ||
| 100 | 1 | _aDavis, Foxcroft | |
| 245 | 1 | 4 |
_aThe Whirl : _bA Romance of Washington Society _h[electronic resource] / _cFoxcroft Davis |
| 260 |
_bProject Gutenberg, _c2014 |
||
| 506 | _aPublic domain in the USA. | ||
| 516 | _aElectronic text | ||
| 700 | 1 | _aJustice, Martin | |
| 700 | 1 |
_aFisher, Harrison, _d1875-1934 |
|
| 830 | 0 |
_aProject Gutenberg _v45100 |
|
| 856 | 4 | 0 | _uhttp://www.gutenberg.org/ebooks/45100 |
| 942 | _cEB | ||
| 999 |
_c274351 _d274351 |
||